000
nam a22 7a 4500
999
_c
55375
_d
55375
003
OSt
005
20220810121655.0
008
220810b xxu||||| |||| 00| 0 eng d
040
_c
IIMT UNIVERSITY
100
_a
RAISINGHANIA, M.D
245
_a
ALGEBRA
260
_a
NEW DELHI
_b
S.CHAND
_c
1982
300
_a
236
942
_2
ddc
_c
09